Normal view
MARC view
- اعداد رانية احمد مشلب؛ إشراف جورج جميل
Entry Personal Name
001 - CONTROL NUMBER
- control field: 51500
003 - CONTROL NUMBER IDENTIFIER
- control field: JO-AjAnu
005 - DATE AND TIME OF LATEST TRANSACTION
- control field: 20230606082455.0
008 - FIXED-LENGTH DATA ELEMENTS
- fixed length control field: 230606|| aca||aabn | a|a d
040 ## - CATALOGING SOURCE
- Original cataloging agency: JO-AjAnu
- Transcribing agency: JO-AjAnu
100 ## - HEADING--PERSONAL NAME
- Personal name: اعداد رانية احمد مشلب؛ إشراف جورج جميل
670 ## - SOURCE DATA FOUND
- Source citation: Work cat.: (JO-AjAnu)26324: اعداد رانية احمد مشلب؛ إشراف جورج جميل, author, Premier : le dictionnaire illustre des debutants : Francais-Francais Arabe = الأول: القاموس المصور للناشئين : فرنسي - فرنسي عربي